Setting your church free : (Record no. 2713)

MARC details
000 -LEADER
fixed length control field 00962cam a2200277 a 4500
001 - CONTROL NUMBER
control field 3471396
003 - CONTROL NUMBER IDENTIFIER
control field GBCCL
005 - DATE AND TIME OF LATEST TRANSACTION
control field 20241126110437.0
008 - FIXED-LENGTH DATA ELEMENTS--GENERAL INFORMATION
fixed length control field 931201s1994 caua b 000 0 eng
010 ## -
-- 93047886
020 ## - INTERNATIONAL STANDARD BOOK NUMBER
International Standard Book Number 0830716556
040 ## - CATALOGING SOURCE
Original cataloging agency DLC
Transcribing agency DLC
Modifying agency DLC
050 00 -
-- BV600.2
-- .A56 1994
082 00 - DEWEY DECIMAL CLASSIFICATION NUMBER
Classification number 250
Edition information 20
Item number AND
100 1# - MAIN ENTRY--PERSONAL NAME
Personal name Anderson, Neil T.,
Dates associated with a name 1942-
9 (RLIN) 3947
245 10 - TITLE STATEMENT
Title Setting your church free :
Remainder of title a biblical plan to help your church /
Statement of responsibility, etc. Neil T. Anderson, Charles Mylander.
260 ## - PUBLICATION, DISTRIBUTION, ETC.
Place of publication, distribution, etc. Ventura, Calif., U.S.A. :
Name of publisher, distributor, etc. Regal Books,
Date of publication, distribution, etc. c1994.
300 ## - PHYSICAL DESCRIPTION
Extent 352 p. :
Other physical details ill. ;
Dimensions 21 cm.
504 ## - BIBLIOGRAPHY, ETC. NOTE
Bibliography, etc. note Includes bibliographical references.
650 #0 - SUBJECT ADDED ENTRY--TOPICAL TERM
Topical term or geographic name entry element Church renewal.
9 (RLIN) 963
650 #0 - SUBJECT ADDED ENTRY--TOPICAL TERM
Topical term or geographic name entry element Pastoral theology.
9 (RLIN) 414
700 1# - ADDED ENTRY--PERSONAL NAME
Personal name Mylander, Charles.
9 (RLIN) 5603
906 ## - LOCAL DATA ELEMENT F, LDF (RLIN)
a 7
b cbc
c orignew
d 1
e ocip
f 19
g y-gencatlg
942 ## - ADDED ENTRY ELEMENTS (KOHA)
Source of classification or shelving scheme Dewey Decimal Classification
Koha item type Books
Koha issues (borrowed), all copies 2
Holdings
Withdrawn status Lost status Source of classification or shelving scheme Damaged status Not for loan Home library Current Library Shelving location Date acquired Total checkouts Full call number Barcode Date last seen Copy number Price effective from Koha item type Total renewals Date last checked out
    Dewey Decimal Classification     GRACE BIBLE COLLEGE GRACE BIBLE COLLEGE Ministry & Mission 2017-09-13   250 AND 006697 2025-05-01 c.1 2017-09-13 Books    
    Dewey Decimal Classification     GRACE BIBLE COLLEGE GRACE BIBLE COLLEGE Ministry & Mission 2017-09-13 2 250 AND 006746 2025-05-01 c.2 2017-09-13 Books 1 2018-08-10
© Grace Bible College Library 2025